[Event "Terrassa"]
[Site "Terrassa"]
[Date "1991.??.??"]
[Round "5"]
[White "Ehlvest, Jaan"]
[Black "Ivanchuk, Vassily"]
[Result "1/2-1/2"]
[WhiteElo "2650"]
[BlackElo "2695"]
[Annotator "Boensch,U"]
[PlyCount "72"]
[EventDate "1991.05.??"]
[EventType "tourn"]
[EventRounds "9"]
[EventCountry "ESP"]
[EventCategory "12"]
[SourceTitle "CBM 024"]
[Source "ChessBase"]
[SourceDate "1991.10.01"]
[SourceVersion "1"]
[SourceVersionDate "1991.10.01"]
[SourceQuality "1"]

1. e4 {Boensch} c5 2. Nf3 d6 3. d4 cxd4 4. Nxd4 Nf6 5. Nc3 Nc6 6. Bg5 e6 7. Qd2
a6 8. O-O-O h6 9. Be3 Bd7 10. f4 Be7 11. Kb1 {N} (11. h3 b5 12. Bd3 Nxd4 13.
Bxd4 b4 14. Ne2 e5 (14... a5 $6 15. g4 Bc6 16. Ng3 d5 $13 {Murey-Lobron, Lyon
1988 -Inf.45/243}) 15. Be3 Qa5 16. Kb1 O-O 17. g4 (17. fxe5 dxe5 18. g4 Be6 19.
b3 Rfc8 20. Ng3 Ne8 21. g5 hxg5 22. Bxg5 f6 23. Be3 Nd6 24. Rdg1 Nb5 25. a4
Nc3+ 26. Kb2 Nxa4+ 27. bxa4 Qxa4 28. Ra1 Qc6 $13 {Luther-Lutz, Altensteig 1991}
) 17... Rfd8 18. fxe5 dxe5 19. Ng3 Be6 20. b3 Ne8 $13 {Adams-Shirov, Groningen
1990 -Inf.50/230}) 11... b5 12. Bd3 O-O 13. Rhe1 Qc7 14. h3 Na5 15. Qf2 $6 (15.
g4 $13) 15... b4 16. Nce2 Nc4 17. Bc1 a5 18. Ng3 $6 Rfc8 19. Qe2 Rab8 $17 20.
Ka1 a4 21. e5 dxe5 22. fxe5 Nd5 23. Qh5 Be8 24. Bxc4 Qxc4 25. Qg4 b3 $1 $19 26.
cxb3 (26. Bxh6 g6 $19) 26... axb3 27. Nxb3 Qa6 28. Rxd5 Rxb3 29. Nh5 g6 30. Rd6
Bxd6 31. exd6 Ra8 32. a3 Qd3 33. Rd1 Rbxa3+ $4 {T} (33... Raxa3+ 34. bxa3 Qb1#)
34. bxa3 Rxa3+ 35. Bxa3 Qxa3+ 36. Kb1 Qb3+ 1/2-1/2

[Event "Alushta2"]
[Site "Alushta"]
[Date "1994.??.??"]
[Round "1"]
[White "Timoshenko, Georgy"]
[Black "Moskalenko, Viktor"]
[Result "1-0"]
[WhiteElo "2520"]
[BlackElo "2535"]
[Annotator "Boensch,U"]
[PlyCount "59"]
[EventDate "1994.02.??"]
[EventType "tourn"]
[EventRounds "9"]
[EventCountry "UKR"]
[EventCategory "12"]
[SourceTitle "CBM 041"]
[Source "ChessBase"]
[SourceDate "1994.08.01"]
[SourceVersion "1"]
[SourceVersionDate "1994.08.01"]
[SourceQuality "1"]

1. e4 c5 2. Nf3 Nc6 3. d4 cxd4 4. Nxd4 Nf6 5. Nc3 d6 6. Bg5 e6 7. Qd2 a6 8.
O-O-O h6 9. Be3 d5 $6 $146 (9... Bd7 10. f3 (10. f4 b5 11. Bd3 Qc7 12. Rhe1 Na5
13. e5 dxe5 14. fxe5 b4 15. Ncb5 axb5 16. Nxb5 $4 (16. exf6 $13) 16... Nb3+ $1
{0-1 Kovalev,A-Sher,M Ostrava 1993}) 10... b5 11. g4 Ne5 12. Bd3 Qc7 13. Kb1 b4
14. Nce2 d5 15. exd5 Nxd5 16. Nf4 Nxf4 17. Bxf4 Bd6 18. Be4 Nc4 19. Qe2 {
1/4 Oll,L-Lerner,K Podolsk 1993}) (9... Be7 10. f3 Nxd4 11. Bxd4 e5 (11... b5 {
- Liu,D-Serper,G Jakarta (11) 1994 0-1 29 CBM 41VC}) 12. Be3 Be6 13. g4 Qa5 $6
$146 14. a3 (14. Qf2 $1 $16) 14... b5 15. h4 b4 16. Nd5 Bxd5 17. exd5 Rb8 18.
Kb1 Bd8 19. axb4 Rxb4 20. Qc3 $1 O-O 21. Bd2 Ra4 22. b4 $3 $18 {Shirov,A-Lutz,
C Munich (07) 1993 1-0 28 -CBM 36VC}) (9... Nxd4 10. Bxd4 b5 11. f3 Be7 12. Kb1
Bb7 13. Bxf6 gxf6 14. Bd3 Qc7 15. Ne2 d5 16. exd5 Bxd5 17. Nf4 Bb7 18. Be4 $14
{Bologan,V-Tukmakov,V Nikolaev zt 1993 1-0 36}) (9... Qc7 10. f3 Rb8 11. g4 Ne5
12. h4 b5 13. Qg2 Bb7 14. g5 hxg5 15. hxg5 Rxh1 16. Qxh1 Nfd7 17. f4 $16 {
Anand,V-Shirov,A Linares (06) 1993 1/4 64}) 10. exd5 exd5 (10... Nxd5 11. Nxd5
Qxd5 12. Bc4 $1 $16) 11. f3 (11. Bd3 $5) 11... Bb4 12. a3 Bxc3 $2 (12... Ba5
$14) 13. Qxc3 $16 Nxd4 14. Bxd4 Be6 15. g4 (15. Qb4 $1 $16) 15... Rc8 16. Qd2 (
16. Qb4 Qc7 17. Bd3 $16) 16... O-O 17. Bd3 (17. g5 Bf5 (17... hxg5 18. Qxg5 Ne8
19. Qg2 Bf5 20. Bd3 $16) 18. gxf6 Rxc2+ 19. Qxc2 Bxc2 20. Kxc2 $18 (20. fxg7 $2
Bxd1 21. gxf8=Q+ Kxf8 22. Kxd1 $14)) 17... Nd7 18. f4 Nc5 19. Kb1 Nxd3 20. cxd3
$6 (20. Qxd3 $16) 20... Bd7 21. f5 Qg5 22. Qf2 (22. Qxg5 hxg5 $10) 22... Rfe8
23. Rhg1 (23. h4 Qxg4 $2 (23... Qe7 $14) 24. Rhg1 Qxf5 25. Rxg7+ Kf8 26. Qg1
$16) 23... Ba4 24. h4 Qe7 25. Rd2 Rc6 26. g5 h5 27. Qf3 $1 (27. f6 Qe6 28. fxg7
$16) 27... Qd7 28. g6 $18 fxg6 29. fxg6 Rf8 30. Qxh5 1-0

[Event "Oakham YM"]
[Site "Oakham"]
[Date "1992.??.??"]
[Round "2"]
[White "Bologan, Viktor"]
[Black "Galliamova, Alisa"]
[Result "1-0"]
[WhiteElo "2585"]
[BlackElo "2410"]
[Annotator "Boensch,U"]
[PlyCount "45"]
[EventDate "1992.03.??"]
[EventType "swiss"]
[EventRounds "9"]
[EventCountry "ENG"]
[SourceTitle "CBM 030"]
[Source "ChessBase"]
[SourceDate "1992.10.01"]
[SourceVersion "1"]
[SourceVersionDate "1992.10.01"]
[SourceQuality "1"]

1. e4 c5 2. Nf3 Nc6 3. d4 cxd4 4. Nxd4 Nf6 5. Nc3 d6 6. Bg5 e6 7. Qd2 a6 8.
O-O-O h6 9. Be3 Bd7 10. f3 (10. f4) 10... b5 11. Nxc6 (11. g4 Ne5 12. g5 $6 (
12. Bd3 $14) 12... hxg5 13. Bxg5 Qc7 14. Kb1 b4 15. Nce2 Nc4 16. Qe1 Rc8 17.
Nc1 a5 18. Bd3 Qc5 19. Qg1 a4 20. Nce2 Be7 $17 {Van Riemsdijk,H-Lobron,E
Manila izt (08) 1990 1/2 59}) (11. Kb1 Ne5 12. a3 Qc7 13. g4 Rb8 14. h4 g6 15.
Be2 Nc4 16. Bxc4 Qxc4 17. g5 hxg5 18. hxg5 Rxh1 19. Rxh1 Nh5 20. b3 Qc7 $14 {
Belotti,B-Garbett,P Novi Sad olm (1) 1990 1-0 33}) (11. Bd3 $5) 11... Bxc6 12.
Ne2 Bb7 (12... Be7 13. Nd4 Bb7 $14) 13. g4 d5 $6 (13... Be7 $5) 14. e5 Nd7 15.
Bd4 Qg5 (15... Be7 16. f4 $16) 16. Nf4 $1 Bb4 (16... Nxe5 17. h4 Qf6 18. Nh5
Qxf3 19. Bxe5 Qxh1 20. Bxb5+ $18) 17. Qxb4 $1 (17. c3 Ba5 $14) 17... Qxf4+ 18.
Kb1 Qxf3 (18... Nxe5 19. Qd6 (19. Bxb5+ $2 axb5 20. Qxb5+ Bc6 21. Bxe5 Bxb5 22.
Bxf4 Be2 $10) 19... Ng6 (19... Nd3 20. Qb6 $18) 20. Qb6 $16) 19. Bd3 Qf4 (19...
Qxg4 20. Rhg1 Qh5 21. a4 $40) 20. h4 a5 (20... Nxe5 21. Rhf1 Nxd3 22. cxd3 Qc7
23. Bxg7 $16) (20... O-O-O 21. a4 $16) 21. Qd6 b4 (21... Qxd4 $2 22. Bxb5 $18)
22. Bb5 O-O-O (22... Rd8 23. Bc5 $18) 23. Ba7 $3 {Boensch} 1-0

[Event "Dortmund op-A"]
[Site "Dortmund"]
[Date "1992.??.??"]
[Round "3"]
[White "Dolmatov, Sergey"]
[Black "Sher, Miron Naumovich"]
[Result "1-0"]
[WhiteElo "2595"]
[BlackElo "2475"]
[Annotator "Boensch,U"]
[PlyCount "73"]
[EventDate "1992.04.??"]
[EventType "swiss"]
[EventRounds "11"]
[EventCountry "GER"]
[SourceTitle "CBM 029"]
[Source "ChessBase"]
[SourceDate "1992.08.01"]
[SourceVersion "1"]
[SourceVersionDate "1992.08.01"]
[SourceQuality "1"]

1. e4 {Anand Ernst} c5 2. Nf3 d6 3. d4 cxd4 4. Nxd4 Nf6 5. Nc3 Nc6 6. Bg5 e6 7.
Qd2 a6 8. O-O-O h6 9. Bf4 Bd7 10. Nxc6 Bxc6 11. f3 d5 12. Qe1 Be7 (12... Bb4
13. a3 Ba5 14. Bd2 b5 $3 $10 {N (Serper)} 15. exd5 Nxd5 16. Bd3 Rc8 17. Kb1 O-O
$10 {Glek,I-Serper,G USSR 1991 -Inf.52/200}) (12... Bb4 {Anand}) 13. exd5 Nxd5
14. Nxd5 Bxd5 15. Bc4 Bg5 16. g3 (16. Be3 $5) (16. Be3 {Ernst} Qb6 17. Bxg5
Bxc4 18. Be3 $14 {Unzicker - Radulov, Moskau 1977.}) 16... Bxf4+ 17. gxf4 O-O
18. Bxd5 exd5 19. Rg1 $1 {N} (19. Qe5 Re8 (19... Qh4 {Anand}) 20. Qd4 Re6 21.
Kb1 Qf6 22. Qxd5 Rae8 $44 {Beliavsky,A-Radulov,I Leningrad 1977} (22... Rae8 $1
{Ernst} 23. b3 b5 24. Rd4 Re2 $44 {Beljavskij - Radulov, Leningrad 1977.}))
19... Re8 $6 (19... Qf6 20. Qe5 $14 (20. Qe5 {Ernst} Qxe5 21. fxe5 Rad8 $14))
20. Qc3 f6 21. Qb3 $16 Qc7 22. Qxd5+ Kh8 23. Qf5 Rad8 24. a3 Rd6 25. Kb1 Red8
26. Rxd6 Qxd6 27. h4 Re8 28. h5 Qd2 29. Qg4 Re7 30. Qc8+ Kh7 31. Qc5 Qd7 (31...
Rd7 $5) 32. Kc1 Re2 33. Rd1 Qe6 34. Kb1 b6 35. Qc7 b5 36. b3 Qf5 $4 (36... Rg2
37. Qd7 Qxd7 38. Rxd7 Rh2 39. Rd5 $16) 37. Rg1 {Boensch} 1-0

[Event "Kuala Lumpur"]
[Site "Kuala Lumpur"]
[Date "1994.??.??"]
[Round "9"]
[White "Gufeld, Eduard"]
[Black "Chiburdanidze, Maia"]
[Result "1/2-1/2"]
[WhiteElo "2475"]
[BlackElo "2520"]
[Annotator "Boensch,U"]
[PlyCount "64"]
[EventDate "1994.03.??"]
[EventType "tourn"]
[EventRounds "10"]
[EventCountry "MAS"]
[EventCategory "10"]
[SourceTitle "CBM 041"]
[Source "ChessBase"]
[SourceDate "1994.08.01"]
[SourceVersion "1"]
[SourceVersionDate "1994.08.01"]
[SourceQuality "1"]

1. e4 c5 2. Nf3 d6 3. d4 cxd4 4. Nxd4 Nf6 5. Nc3 Nc6 6. Bg5 e6 7. Qd2 a6 8.
O-O-O h6 9. Bf4 Bd7 10. Bg3 Rc8 (10... Be7 11. f3 Rc8 12. Kb1 Nxd4 13. Qxd4 e5
14. Qe3 O-O 15. Be2 Qc7 16. f4 Rfe8 17. Rhf1 b5 $15 {Kveinys,A-Greenfeld,A
Oslo (9) 1992 0-1 41}) (10... b5 $2 11. Bxd6 $1 Bxd6 12. Nxc6 Bxc6 13. Qxd6
Qxd6 14. Rxd6 Bxe4 15. Nxe4 Nxe4 16. Rxa6 $18 {-ECO}) 11. Nb3 (11. f3 Nxd4 12.
Qxd4 e5 13. Qe3 Be7 14. Kb1 O-O 15. h4 Qc7 16. Bd3 Be6 17. Bh2 Qa5 18. Qe1 Rxc3
$40 {Kveinys,A-Kramnik,V Debrecen EU-chT (2) URS-LIT 1992 0-1 40}) (11. Kb1 Be7
12. f4 Nxd4 13. Qxd4 Nh5 14. Be1 Nxf4 15. Qxg7 Bf6 16. Qg3 Be5 17. Qe3 $14 {
Kveinys,A-Ulfarsson,M Reykjavik op (08) 1994 1-0 31}) 11... b5 12. Bxd6 $5 (12.
f3 $10) 12... b4 13. Bxf8 bxc3 14. Qxc3 Rxf8 15. Bxa6 Rb8 16. Nc5 Qb6 17. Rd6
Bc8 18. Be2 Qc7 19. Rhd1 (19. Qg3 Qb6 $13 (19... Ne7 20. Rhd1 $18)) 19... Nb4
20. Qe5 Rb7 $8 21. c3 $2 (21. a3 Nd7 (21... Nc6 22. Qg3 $18) 22. Rxe6+ fxe6 23.
Bh5+ Kd8 (23... Rf7 24. Qxe6+ Kd8 25. axb4 $18) 24. Nxe6+ Ke7 25. Qxg7+ Kxe6
26. Bg4+) 21... Nxa2+ 22. Kb1 Ra7 23. Bc4 Ke7 24. Bxa2 Rd8 25. Nxe6 $2 (25.
Bxe6 $1 fxe6 26. Nxe6 $18) 25... Bxe6 26. Bxe6 Rxd6 27. Bf5+ Re6 28. Qxc7+ Rxc7
29. Bxe6 Kxe6 $10 30. f3 Ne8 31. Kc2 Nd6 32. b4 f5 1/2-1/2

[Event "Hoogovens"]
[Site "Wijk aan Zee"]
[Date "1991.01.??"]
[Round "2"]
[White "Nunn, John DM"]
[Black "Fedorowicz, John P"]
[Result "1-0"]
[WhiteElo "2600"]
[BlackElo "2555"]
[Annotator "Boensch,U"]
[PlyCount "47"]
[EventDate "1991.01.??"]
[EventType "tourn"]
[EventRounds "13"]
[EventCountry "NED"]
[EventCategory "14"]
[SourceTitle "CBM 022"]
[Source "ChessBase"]
[SourceDate "1991.06.01"]
[SourceVersion "1"]
[SourceVersionDate "1991.06.01"]
[SourceQuality "1"]

1. e4 {Boensch} c5 2. Nf3 d6 3. d4 cxd4 4. Nxd4 Nf6 5. Nc3 Nc6 6. Bg5 e6 7. Qd2
a6 8. O-O-O h6 9. Be3 Nxd4 10. Bxd4 b5 11. f4 Bb7 12. Qe3 (12. Bd3 Be7 13. Qe2
b4 14. Na4 e5 15. fxe5 dxe5 16. Bf2 Qc7 17. Nb6 Rb8 18. Nc4 $14 {Kudrin,
S-Gulko,B USA(ch) 1990 -Inf.50/229}) 12... Qc7 13. Bb6 Qc8 (13... Qc6 $5 14.
Nd5 Rc8 $13) 14. e5 Nd5 (14... Ng4 $5 15. Qg3 Qc6 16. Bd4 (16. exd6 Bxd6 17.
Qxg4 Qxb6 18. Qxg7 O-O-O $13) 16... h5 $13) 15. Nxd5 Bxd5 16. exd6 Qc6 17. Rxd5
$1 Qxd5 18. Be2 Qxa2 (18... Qxd6 19. Rd1 Qe7 (19... Qb4 20. Bf3 Rc8 21. Bb7 $18
) 20. Bf3 Rc8 21. Qe4 $18 {/\ Qc6}) 19. Qf3 Bxd6 (19... Rc8 20. d7+ Kxd7 21.
Qb7+ $18) 20. Qxa8+ Ke7 21. Qb7+ Kf8 (21... Kf6 22. Bd4+ Kg6 23. Bd3+ $18) 22.
Bc5 Qa1+ (22... Bxc5 23. Qc8+ Ke7 24. Qxc5+ $18) 23. Kd2 Qxh1 24. Qb8+ {
(1.14/1.08)} (24. Qb8+ Ke7 25. Qxd6+ Kf6 26. Qe5+ Kg6 27. Bd3+ f5 28. Qxe6+ Kh7
29. Bxf5+ g6 30. Qf7#) 1-0

[Event "Donner Memorial-A"]
[Site "Amsterdam"]
[Date "1994.??.??"]
[Round "7"]
[White "Adams, Michael"]
[Black "Timman, Jan H"]
[Result "1/2-1/2"]
[WhiteElo "2640"]
[BlackElo "2635"]
[Annotator "Boensch,U"]
[PlyCount "84"]
[EventDate "1994.08.??"]
[EventType "tourn"]
[EventRounds "9"]
[EventCountry "NED"]
[EventCategory "15"]
[SourceTitle "CBM 043"]
[Source "ChessBase"]
[SourceDate "1994.12.01"]
[SourceVersion "1"]
[SourceVersionDate "1994.12.01"]
[SourceQuality "1"]

1. e4 c5 2. Nf3 Nc6 3. d4 cxd4 4. Nxd4 Nf6 5. Nc3 d6 6. Bg5 e6 7. Qd2 a6 8.
O-O-O h6 9. Bf4 Bd7 10. Nxc6 Bxc6 11. Qe1 Be7 12. e5 Nh5 13. Be3 Qc7 14. Be2 g6
15. Bxh5 (15. g4 $2 Bxh1 (15... Ng7 $2 16. exd6 Bxd6 17. Rf1 O-O-O 18. f4 h5
19. Qf2 Qe7 20. h3 $10 {Rohde,M-Dzindzichashvili,R USA-ch (14) 1989 1/2 24})
16. Qxh1 Ng7 17. exd6 Bxd6 18. Qe4 O-O 19. Bxh6 Rfd8 20. f4 $17 {Garcia,
G-Lobron,E Novi Sad olm (04) COL-FRG 1990 0-1 43}) 15... gxh5 16. Bf4 (16. exd6
Bxd6 17. f3 O-O-O 18. Qf2 Bxh2 $4 19. Rxd8+ Rxd8 20. f4 $18 {McDonald,
N-Bologan,V Oviedo 45' (03) 1992 1-0 34}) 16... O-O-O 17. f3 (17. exd6 Bxd6 18.
Rxd6 Rxd6 19. f3 Rd1+ 20. Nxd1 Qxf4+ 21. Ne3 h4 $10 {Morovic,Fernandez,J-Sion
Castro,M Leon (9) 1993 1-0 56}) 17... Rhg8 (17... Bg5 18. Bxg5 (18. Qe3 Rhg8
19. exd6 Rxd6 $10) 18... hxg5 19. Qg3 dxe5 20. Qxg5 $14) 18. Qe2 Bg5 19. Bxg5
hxg5 (19... Rxg5 $6 20. exd6 Rxd6 21. g3 Re5 22. Qf2 $14) 20. exd6 Rxd6 21. h3
Rxd1+ 22. Rxd1 Qf4+ 23. Kb1 Rd8 $1 $15 24. b3 Rxd1+ 25. Nxd1 Qd4 (25... h4 $5)
26. Nf2 Kd7 27. Qe1 f6 28. c3 Qd6 29. Kc2 Qg3 30. Qd2+ Ke7 31. Ne4 (31. Nd3 $2
g4 $17) 31... Bxe4+ 32. fxe4 g4 33. hxg4 Qxg4 $6 (33... hxg4 34. c4 Kf7 35.
Qd7+ Kg6 36. Qxe6 Qxg2+ $17) 34. Kd3 $15 h4 35. c4 Qg3+ 36. Kc2 Kf7 37. b4 Kg6
38. a4 Qg4 (38... Qa3 39. a5 Qa2+ 40. Kd3 Qxd2+ $4 41. Kxd2 $18) 39. Kd3 Qg3+
40. Kc2 Qg4 41. Kd3 e5 42. a5 Qg3+ (42... f5 43. exf5+ Kxf5 $15) 1/2-1/2

[Event "World Cup"]
[Site "Skelleftea"]
[Date "1989.08.??"]
[Round "4"]
[White "Huebner, Robert"]
[Black "Salov, Valery"]
[Result "1/2-1/2"]
[WhiteElo "2605"]
[BlackElo "2645"]
[Annotator "Bulletin"]
[PlyCount "120"]
[EventDate "1989.08.??"]
[EventType "tourn"]
[EventRounds "15"]
[EventCountry "SWE"]
[EventCategory "16"]
[SourceTitle "CBM 014"]
[Source "ChessBase"]
[SourceDate "1990.02.01"]
[SourceVersion "1"]
[SourceVersionDate "1990.02.01"]
[SourceQuality "1"]

1. e4 c5 2. Nf3 d6 3. d4 cxd4 4. Nxd4 Nf6 5. Nc3 Nc6 6. Bg5 e6 7. Qd2 a6 8.
O-O-O h6 9. Bf4 {Bulletin: '9.Be3'} Bd7 10. Nxc6 Bxc6 11. f3 {Bulletin: '11.
Qe1'} d5 12. Qe1 Bb4 13. a3 (13. Bd2 Qe7 (13... Be7 14. exd5 Nxd5 15. Qg3 Bg5
16. Ne4 {16.f4!?} Qa5 $1 $13 {Kremenecki-Makarichev/URS/1981/}) 14. Kb1 dxe4
15. fxe4 O-O-O 16. Bd3 e5 17. Rf1 Bxc3 18. Bxc3 Nxe4 19. Bb4 Qe6 20. Qe3 $44 {
Fernandez Garcia-Lerner/Jurmala/1983/}) 13... Ba5 14. b4 (14. Bd2 Qe7 15. e5 (
15. Kb1 $5 Bb6 16. exd5 Nxd5 17. Nxd5 Bxd5 18. Bc3 Rg8 19. Bd3 Qg5 20. Bh7 Rf8
21. Be4 O-O-O 22. Bxd5 Rxd5 23. Rxd5 exd5 24. Qg3 $14 {Serper}) 15... Nd7 16.
Kb1 Bc7 17. f4 f6 18. exf6 Qxf6 19. g3 O-O 20. Bg2 Nb6 {Kholmov-Glek/URS/1984/
-> Inf.38/262} 21. Ne2 {>= 21.Bc3, Nd4}) 14... Bb6 15. exd5 Bxd5 16. Nxd5 (16.
Be5 O-O 17. Qh4 a5 18. Bxf6 Qxf6 19. Qxf6 gxf6 20. Kb2 $2 axb4 21. axb4 Bc7 $1
$15 {Inf.37/221; Denisko-Tukmakov,V/URS/1983/}) 16... Nxd5 17. Qg3 {'?!'
Bulletin. Bulletin: 'N; Lobron'} (17. c4 Qf6 $5 (17... Nxf4 $5 18. Rxd8+ Rxd8
$44) 18. Be5 Be3+ {18...Qg5+} 19. Qxe3 Nxe3 20. Bxf6 Nxd1 {remis; Huebner,
R-Dzindzichashvili,R/Thessaloniki ol/1984/}) 17... O-O {'!' Bulletin.} 18. c4
Rc8 {'?!' Bulletin.} (18... Qc8 $1 $15 19. Bxh6 Be3+ 20. Bxe3 Nxe3 21. Rd4 $2
Nf5 $1) 19. Kb2 Bc7 {'!' Bulletin.} 20. Bxc7 Rxc7 21. Qe5 Qf6 {'?!' Bulletin.}
(21... Qb8 $1 {Mit den Damen auf dem Brett erhält Schwarz gegen den unsicher
postierten weißen König Angriffschancen.} 22. cxd5 $2 Rc2+) 22. Qxf6 Nxf6 23.
Be2 {'+/=' Bulletin.} Rb8 24. Rd4 Kf8 25. f4 b6 26. Bf3 g6 27. Kb3 Ke7 28. Rhd1
h5 29. g3 Ng4 30. Bxg4 hxg4 31. Rd6 a5 32. R1d2 axb4 33. axb4 Ra7 34. Rc6 Kf6
35. b5 Kf5 36. Rdd6 Rab7 37. c5 bxc5 38. b6 Ke4 39. Kc4 Kf3 40. Kxc5 Kg2 41.
Rd2+ Kh3 {'?!' Bulletin.} 42. Ra2 {Bulletin: '>= 42.Re2! gewinnt sofort.'} e5 {
'!' Bulletin.} 43. fxe5 Re7 44. e6 Rh8 45. Re2 fxe6 46. Rc7 {Bulletin: '>= 46.
Rexe6! gewinnt.'} Ree8 47. b7 e5 48. Kd5 Rd8+ 49. Ke4 Rb8 50. Rec2 Rh5 51. Rf7
Rhh8 52. Kxe5 g5 53. Kf5 Rxb7 54. Rxb7 Rf8+ 55. Ke4 Re8+ 56. Kd3 Re3+ 57. Kd2
Rd3+ 58. Ke2 Re3+ 59. Kd1 Re1+ 60. Kd2 Rd1+ 1/2-1/2

[Event "Hoogovens"]
[Site "Wijk aan Zee"]
[Date "1984.01.17"]
[Round "4"]
[White "Beliavsky, Alexander G"]
[Black "Tukmakov, Vladimir B"]
[Result "1/2-1/2"]
[WhiteElo "2565"]
[BlackElo "2550"]
[Annotator "Bulletin"]
[PlyCount "71"]
[EventDate "1984.01.13"]
[EventType "tourn"]
[EventRounds "13"]
[EventCountry "NED"]
[EventCategory "13"]
[SourceTitle "MCL"]
[Source "ChessBase"]
[SourceDate "1999.07.01"]
[SourceVersion "1"]
[SourceVersionDate "1999.07.01"]
[SourceQuality "1"]

1. e4 c5 2. Nf3 d6 3. d4 cxd4 4. Nxd4 Nf6 5. Nc3 Nc6 6. Bg5 e6 7. Qd2 a6 8.
O-O-O h6 9. Be3 Be7 10. f4 Nxd4 11. Bxd4 b5 12. Be2 $5 b4 (12... O-O 13. e5 $5
(13. Bxf6 $5)) (12... Bb7 $5) (12... Qa5) 13. Na4 Nxe4 14. Qe3 (14. Qxb4 $5)
14... Nf6 (14... Bb7 $5) 15. Bf3 d5 16. g4 $44 O-O 17. h4 (17. Rhg1 $5) 17...
e5 $1 18. fxe5 (18. Qxe5 $5 Re8 $1 (18... Bd6 19. Qe2 Bxf4+ 20. Kb1 Re8 21.
Bxf6 gxf6 22. Rxd5 $16) 19. Qe2 Bd7 20. Nb6 Bc5 21. Qf2 Bxb6 22. Bxb6 Qb8 $13)
18... Nxg4 19. Qe2 (19. Qf4 h5) 19... h5 20. Nb6 Be6 21. Qg2 (21. Nxa8 Qxa8 22.
Rhg1 Qc6 23. Bxg4 Bxg4 24. Rxg4 hxg4 25. Qxg4 $10) 21... Ra7 $1 $8 22. Nxd5 Rd7
23. Bb6 Qc8 24. Nf4 (24. Nxe7+ Rxe7 $15) 24... g6 $6 (24... Rxd1+ $1 25. Bxd1 (
25. Rxd1 g6 {P c4 / h4 =+}) 25... g6 26. b3 Bf5 27. Nd5 Bc5 $15) 25. Rxd7 Qxd7
26. b3 $1 (26. Rd1 Qc8 $1) 26... Nxe5 $1 27. Bxh5 Bf5 28. Bd1 $1 Rc8 $13 29. h5
Nd3+ 30. Nxd3 Qxd3 31. hxg6 Bxg6 32. Kb1 Qc3 (32... Qe4 33. Qxe4 (33. Qh3 Qxc2+
$1 34. Bxc2 Bxc2+ {P f5}) 33... Bxe4 34. Rg1+ $10) 33. Rh3 Qe1 34. Rh1 Qc3 (
34... Qe5 35. Qg4 $1 {P xc8 / d4}) 35. Rh3 Qe1 36. Rh1 1/2-1/2

[Event "Plovdiv"]
[Site "Plovdiv"]
[Date "1986.??.??"]
[Round "7"]
[White "Arnason, Jon Loftur"]
[Black "Ivanovic, Bozidar"]
[Result "1-0"]
[WhiteElo "2500"]
[BlackElo "2490"]
[Annotator "Bulletin"]
[PlyCount "69"]
[EventDate "1986.06.24"]
[EventType "tourn"]
[EventRounds "11"]
[EventCountry "BUL"]
[EventCategory "10"]
[SourceTitle "EXT 2000"]
[Source "ChessBase"]
[SourceDate "1999.11.16"]
[SourceVersion "1"]
[SourceVersionDate "1999.11.16"]
[SourceQuality "1"]

1. e4 c5 2. Nf3 Nc6 3. d4 cxd4 4. Nxd4 Nf6 5. Nc3 d6 6. Bg5 e6 7. Qd2 a6 8.
O-O-O h6 9. Be3 Bd7 10. f3 b5 11. g4 Ne5 12. Bd3 b4 13. Nce2 d5 14. Ng3 Qc7 15.
Kb1 Nc4 16. Bxc4 dxc4 17. h4 c3 18. Qg2 e5 $1 19. g5 hxg5 (19... exd4 $19) 20.
hxg5 Rxh1 21. Nxh1 exd4 22. gxf6 dxe3 23. fxg7 Bxg7 24. Qxg7 O-O-O $1 25. Ng3
Ba4 $2 (25... Be6 $1 $19) 26. Rd5 Rxd5 (26... cxb2) 27. exd5 cxb2 $2 (27... Kb7
$19) 28. Qf8+ Kb7 29. Qxb4+ Bb5 30. Ne4 (30. f4 $5) 30... Ka8 $2 (30... e2 $142
$11) 31. a4 Bd3 32. Nc5 a5 $4 (32... Bf5 $142 $13) 33. Qc3 $18 e2 34. Qh8+ Ka7
35. Nxd3 1-0

[Event "EU-chT (Men) 10th"]
[Site "Debrecen"]
[Date "1992.11.??"]
[Round "1.1"]
[White "Ivanchuk, Vassily"]
[Black "Lanka, Zigurds"]
[Result "1/2-1/2"]
[WhiteElo "2720"]
[BlackElo "2490"]
[Annotator "Bulletin"]
[PlyCount "76"]
[EventDate "1992.11.20"]
[EventType "team-swiss"]
[EventRounds "9"]
[EventCountry "HUN"]
[SourceTitle "EU-chT"]
[Source "ChessBase"]
[SourceDate "1999.07.01"]
[SourceVersion "2"]
[SourceVersionDate "1999.07.01"]
[SourceQuality "1"]
[WhiteTeam "Ukraine"]
[BlackTeam "Latvia"]
[WhiteTeamCountry "UKR"]
[BlackTeamCountry "LAT"]

1. e4 c5 2. Nf3 Nc6 3. d4 cxd4 4. Nxd4 Nf6 5. Nc3 d6 6. Bg5 e6 7. Qd2 a6 8.
O-O-O h6 9. Bf4 Bd7 10. Nxc6 Bxc6 11. f3 d5 12. Qe1 Bb4 13. a3 Ba5 14. Bd2 Qe7
15. e5 Nd7 16. Kb1 Bb6 17. f4 h5 18. g3 Bc5 19. Bd3 g6 20. Rf1 O-O-O 21. Ne2
Kb8 22. Bc3 (22. Bb4 $5) 22... Rc8 23. Nd4 Ka8 24. Rf3 Nb8 25. Bb4 Ba4 26. Ne2
Rhd8 27. Rc1 Bxb4 28. Qxb4 Qxb4 29. axb4 d4 30. Rd1 Be8 31. b3 Ka7 32. Kb2 Bc6
33. Rf2 b5 34. Nc1 Bd5 35. Bf1 Nc6 36. Nd3 Be4 37. Rfd2 Kb6 (37... Bxd3 38.
Bxd3 Nxb4 39. Be4 $10) 38. Ne1 Rc7 1/2-1/2

[Event "Lugano Open-10"]
[Site "Lugano"]
[Date "1985.03.??"]
[Round "5"]
[White "Klinger, Josef"]
[Black "Kelecevic, Nedeljko"]
[Result "1-0"]
[WhiteElo "2495"]
[BlackElo "2350"]
[Annotator "Bulletin"]
[PlyCount "51"]
[EventDate "1985.03.??"]
[EventType "swiss"]
[EventRounds "9"]
[EventCountry "SUI"]
[SourceTitle "EXT 2000"]
[Source "ChessBase"]
[SourceDate "1999.11.16"]
[SourceVersion "1"]
[SourceVersionDate "1999.11.16"]
[SourceQuality "1"]

1. e4 c5 2. Nf3 Nc6 3. d4 cxd4 4. Nxd4 Nf6 5. Nc3 d6 6. Bg5 e6 7. Qd2 a6 8.
O-O-O h6 9. Bf4 Bd7 10. Nxc6 Bxc6 11. Qe1 Qa5 (11... Be7 12. f3 (12. Bxd6 Bxd6
13. e5 Nd5)) (11... Qc7 12. h4 {/\ Rh3}) 12. f3 (12. Bxd6 Bxd6 13. Rxd6 Bxe4 (
13... Nxe4 $2 14. Rxc6)) 12... O-O-O (12... Rd8) 13. Bc4 Qc7 (13... Be7 14. Nd5
) 14. Bb3 Be7 15. Ne2 e5 $4 16. Bg3 $1 Rhf8 (16... d5 17. exd5 Nxd5 (17... Bxd5
18. Nc3 Bxb3 19. Rxd8+ Rxd8 (19... Qxd8 20. Qxe5 $1) 20. Bxe5) 18. Bxd5 Bxd5
19. Nc3) 17. Nc3 Kb8 18. Kb1 Bd7 (18... Nd7 19. Nd5) 19. Bf2 Be6 20. Qe3 Nd7 $2
(20... Qc5 21. Qxc5 (21. Qe2 Qc6 22. Nd5) 21... dxc5 22. Bxe6 fxe6 23. Bg3) 21.
Qa7+ Kc8 22. Nd5 Bxd5 23. Bxd5 Nc5 (23... Qb8 24. Qe3 Nc5 25. b4 {/\ Rd3}) 24.
b4 $1 Na4 25. Rd3 Rd7 $4 (25... Qb8 26. Qxb8+ Kxb8 27. Bb3 b5 28. Rhd1 {
/\ Ba4,Ra3}) 26. Ra3 $1 1-0